आत्मविश्वास की पूंजी / (Record no. 62348)

MARC details
000 -LEADER
fixed length control field 00780nam a22001817a 4500
005 - DATE AND TIME OF LATEST TRANSACTION
control field 20120209102810.0
020 ## - INTERNATIONAL STANDARD BOOK NUMBER
Terms of availability 70.00
International Standard Book Number
035 ## - SYSTEM CONTROL NUMBER
System control number A-814611
037 ## - SOURCE OF ACQUISITION
Source of stock number/acquisition
Stock number dpl
082 ## - DEWEY DECIMAL CLASSIFICATION NUMBER
Classification number 158.1
100 ## - MAIN ENTRY--PERSONAL NAME
Personal name मार्डन, स्वेट
245 1# - TITLE STATEMENT
Title आत्मविश्वास की पूंजी /
Statement of responsibility, etc स्वेट मार्डन
260 ## - PUBLICATION, DISTRIBUTION, ETC. (IMPRINT)
Place of publication, distribution, etc चण्डीगढ़
Name of publisher, distributor, etc अभिषेक पब्लिकेशन्ज़
Date of publication, distribution, etc 1996
270 ## - ADDRESS
Address
City
Postal code
Telephone number
300 ## - PHYSICAL DESCRIPTION
Extent 84पृ.
Dimensions 22सेमी (सजिल्द)
942 ## - ADDED ENTRY ELEMENTS (KOHA)
Institution code [OBSOLETE] dpl
Item type Hindi Books
Call number prefix
Source of classification or shelving scheme Dewey Decimal Classification
Classification part 158.1
Call number suffix मार्डन
Holdings
Withdrawn status Lost status Not for loan Collection code Home library Current library Date acquired Cost, normal purchase price Full call number Barcode Cost, replacement price Koha item type
      Non-fiction Sarojini Nagar Sarojini Nagar 09/02/2012 70.00 158.1 मार्डन A-814611 70.00 Hindi Books

© Delhi Public Library
Hit Counter
free hit counter